<?xml version="1.0" encoding="UTF-8"?>
<collection xmlns="http://www.loc.gov/MARC21/slim">
 <record>
  <leader>03356cam a2200745 c 4500</leader>
  <controlfield tag="001">1074596471</controlfield>
  <controlfield tag="003">DE-627</controlfield>
  <controlfield tag="005">20260225151942.0</controlfield>
  <controlfield tag="007">tu</controlfield>
  <controlfield tag="008">850101s1972    xx |||||      00| ||ger c</controlfield>
  <datafield tag="015" ind1=" " ind2=" ">
   <subfield code="a">73,A22,0512</subfield>
   <subfield code="2">dnb</subfield>
  </datafield>
  <datafield tag="016" ind1="7" ind2=" ">
   <subfield code="a">730159760</subfield>
   <subfield code="2">DE-101</subfield>
  </datafield>
  <datafield tag="035" ind1=" " ind2=" ">
   <subfield code="a">(DE-627)1074596471</subfield>
  </datafield>
  <datafield tag="035" ind1=" " ind2=" ">
   <subfield code="a">(DE-603)074757539</subfield>
  </datafield>
  <datafield tag="035" ind1=" " ind2=" ">
   <subfield code="a">(DE-576)004596471</subfield>
  </datafield>
  <datafield tag="035" ind1=" " ind2=" ">
   <subfield code="a">(DE-599)BSZ004596471</subfield>
  </datafield>
  <datafield tag="035" ind1=" " ind2=" ">
   <subfield code="a">(OCoLC)603764484</subfield>
  </datafield>
  <datafield tag="035" ind1=" " ind2=" ">
   <subfield code="a">(OCoLC)603764484</subfield>
  </datafield>
  <datafield tag="035" ind1=" " ind2=" ">
   <subfield code="a">(OCoLC)00827194</subfield>
  </datafield>
  <datafield tag="035" ind1=" " ind2=" ">
   <subfield code="a">(DE-604)8022873937</subfield>
  </datafield>
  <datafield tag="040" ind1=" " ind2=" ">
   <subfield code="a">DE-627</subfield>
   <subfield code="b">ger</subfield>
   <subfield code="c">DE-627</subfield>
   <subfield code="e">rakwb</subfield>
  </datafield>
  <datafield tag="041" ind1=" " ind2=" ">
   <subfield code="a">ger</subfield>
  </datafield>
  <datafield tag="044" ind1=" " ind2=" ">
   <subfield code="c">XA-DDDE</subfield>
  </datafield>
  <datafield tag="082" ind1="0" ind2=" ">
   <subfield code="a">759.3</subfield>
  </datafield>
  <datafield tag="084" ind1=" " ind2=" ">
   <subfield code="a">KU 772 RAT</subfield>
   <subfield code="2">sfb</subfield>
  </datafield>
  <datafield tag="084" ind1=" " ind2=" ">
   <subfield code="a">46</subfield>
   <subfield code="2">sdnb</subfield>
  </datafield>
  <datafield tag="084" ind1=" " ind2=" ">
   <subfield code="a">12a</subfield>
   <subfield code="2">sdnb</subfield>
  </datafield>
  <datafield tag="084" ind1=" " ind2=" ">
   <subfield code="a">9,10</subfield>
   <subfield code="2">ssgn</subfield>
  </datafield>
  <datafield tag="084" ind1=" " ind2=" ">
   <subfield code="a">LI 70380</subfield>
   <subfield code="2">rvk</subfield>
   <subfield code="0">(DE-625)rvk/96904:</subfield>
  </datafield>
  <datafield tag="084" ind1=" " ind2=" ">
   <subfield code="a">20.31</subfield>
   <subfield code="2">bkl</subfield>
  </datafield>
  <datafield tag="100" ind1="1" ind2=" ">
   <subfield code="a">Fraenger, Wilhelm</subfield>
   <subfield code="d">1890-1964</subfield>
   <subfield code="e">VerfasserIn</subfield>
   <subfield code="0">(DE-588)118692380</subfield>
   <subfield code="0">(DE-627)142057630</subfield>
   <subfield code="0">(DE-576)160987814</subfield>
   <subfield code="4">aut</subfield>
  </datafield>
  <datafield tag="245" ind1="1" ind2="0">
   <subfield code="a">Jörg Ratgeb</subfield>
   <subfield code="b">ein Maler und Märtyrer aus dem Bauernkrieg</subfield>
   <subfield code="c">Wilhelm Fraenger</subfield>
  </datafield>
  <datafield tag="264" ind1=" " ind2="1">
   <subfield code="a">Dresden</subfield>
   <subfield code="b">Verlag der Kunst</subfield>
   <subfield code="c">1972</subfield>
  </datafield>
  <datafield tag="300" ind1=" " ind2=" ">
   <subfield code="a">287 Seiten</subfield>
   <subfield code="b">Illustrationen, Karten</subfield>
  </datafield>
  <datafield tag="336" ind1=" " ind2=" ">
   <subfield code="a">Text</subfield>
   <subfield code="b">txt</subfield>
   <subfield code="2">rdacontent</subfield>
  </datafield>
  <datafield tag="337" ind1=" " ind2=" ">
   <subfield code="a">ohne Hilfsmittel zu benutzen</subfield>
   <subfield code="b">n</subfield>
   <subfield code="2">rdamedia</subfield>
  </datafield>
  <datafield tag="338" ind1=" " ind2=" ">
   <subfield code="a">Band</subfield>
   <subfield code="b">nc</subfield>
   <subfield code="2">rdacarrier</subfield>
  </datafield>
  <datafield tag="361" ind1="1" ind2=" ">
   <subfield code="a">Staatliche Kunstsammlungen Weimar</subfield>
   <subfield code="f">Nummer</subfield>
   <subfield code="f">Stempel</subfield>
   <subfield code="5">DE-32</subfield>
   <subfield code="y">1190917416</subfield>
   <subfield code="s">Ku B 7657</subfield>
   <subfield code="o">Vorbesitz</subfield>
   <subfield code="0">(DE-588)2022373-0</subfield>
   <subfield code="0">(DE-627)102096422</subfield>
   <subfield code="0">(DE-576)191753025</subfield>
  </datafield>
  <datafield tag="583" ind1="1" ind2=" ">
   <subfield code="a">Archivierung prüfen</subfield>
   <subfield code="c">20200919</subfield>
   <subfield code="f">DE-640</subfield>
   <subfield code="z">2</subfield>
   <subfield code="2">pdager</subfield>
  </datafield>
  <datafield tag="583" ind1="1" ind2=" ">
   <subfield code="a">Archivierung/Langzeitarchivierung gewährleistet</subfield>
   <subfield code="f">SSG</subfield>
   <subfield code="x">XA-DE-BW</subfield>
   <subfield code="2">pdager</subfield>
   <subfield code="5">DE-16</subfield>
  </datafield>
  <datafield tag="600" ind1="1" ind2="7">
   <subfield code="0">(DE-588)118598406</subfield>
   <subfield code="0">(DE-627)24778124X</subfield>
   <subfield code="0">(DE-576)209078049</subfield>
   <subfield code="a">Ratgeb, Jörg</subfield>
   <subfield code="d">1480-1526</subfield>
   <subfield code="2">gnd</subfield>
  </datafield>
  <datafield tag="655" ind1=" " ind2="7">
   <subfield code="a">Biografie</subfield>
   <subfield code="0">(DE-588)4006804-3</subfield>
   <subfield code="0">(DE-627)104213493</subfield>
   <subfield code="0">(DE-576)208867147</subfield>
   <subfield code="2">gnd-content</subfield>
  </datafield>
  <datafield tag="689" ind1="0" ind2="0">
   <subfield code="d">p</subfield>
   <subfield code="0">(DE-588)118598406</subfield>
   <subfield code="0">(DE-627)24778124X</subfield>
   <subfield code="0">(DE-576)209078049</subfield>
   <subfield code="a">Ratgeb, Jörg</subfield>
   <subfield code="d">1480-1526</subfield>
   <subfield code="2">gnd</subfield>
  </datafield>
  <datafield tag="689" ind1="0" ind2=" ">
   <subfield code="5">(DE-627)</subfield>
  </datafield>
  <datafield tag="689" ind1="1" ind2="0">
   <subfield code="d">p</subfield>
   <subfield code="0">(DE-588)118598406</subfield>
   <subfield code="0">(DE-627)24778124X</subfield>
   <subfield code="0">(DE-576)209078049</subfield>
   <subfield code="a">Ratgeb, Jörg</subfield>
   <subfield code="d">1480-1526</subfield>
   <subfield code="2">gnd</subfield>
  </datafield>
  <datafield tag="689" ind1="1" ind2=" ">
   <subfield code="5">(DE-627)</subfield>
  </datafield>
  <datafield tag="700" ind1="1" ind2=" ">
   <subfield code="a">Fraenger, Gustel</subfield>
   <subfield code="d">1892-1979</subfield>
   <subfield code="e">MitwirkendeR</subfield>
   <subfield code="0">(DE-588)1012722694</subfield>
   <subfield code="0">(DE-627)699748380</subfield>
   <subfield code="0">(DE-576)179328123</subfield>
   <subfield code="4">ctb</subfield>
  </datafield>
  <datafield tag="700" ind1="1" ind2=" ">
   <subfield code="a">Baier-Fraenger, Ingeborg</subfield>
   <subfield code="d">1926-1994</subfield>
   <subfield code="e">MitwirkendeR</subfield>
   <subfield code="0">(DE-588)11217616X</subfield>
   <subfield code="0">(DE-627)61268802X</subfield>
   <subfield code="0">(DE-576)312886829</subfield>
   <subfield code="4">ctb</subfield>
  </datafield>
  <datafield tag="700" ind1="1" ind2=" ">
   <subfield code="8">1\p</subfield>
   <subfield code="a">Ratgeb, Jörg</subfield>
   <subfield code="d">1480-1526</subfield>
   <subfield code="0">(DE-588)118598406</subfield>
   <subfield code="0">(DE-627)24778124X</subfield>
   <subfield code="0">(DE-576)209078049</subfield>
   <subfield code="4">oth</subfield>
  </datafield>
  <datafield tag="787" ind1="0" ind2="8">
   <subfield code="i">Rezensiert in</subfield>
   <subfield code="a">Kissling, Hermann, 1925 - 2018</subfield>
   <subfield code="t">[Rezension von: Jörg Ratgeb, ein Maler und Märtyrer, zu Wilhelm Fraengers letztem Werk]</subfield>
   <subfield code="d">Heidelberg : arthistoricum.net, 2021</subfield>
   <subfield code="h">1 Online-Ressource (1 Seite)</subfield>
   <subfield code="w">(DE-627)1751723526</subfield>
  </datafield>
  <datafield tag="883" ind1=" " ind2=" ">
   <subfield code="8">1\p</subfield>
   <subfield code="a">cgwrk</subfield>
   <subfield code="d">20241001</subfield>
   <subfield code="q">DE-101</subfield>
   <subfield code="u">https://d-nb.info/provenance/plan#cgwrk</subfield>
  </datafield>
  <datafield tag="889" ind1=" " ind2=" ">
   <subfield code="w">(DE-576)9022292053</subfield>
  </datafield>
  <datafield tag="889" ind1=" " ind2=" ">
   <subfield code="w">(DE-627)404482899</subfield>
  </datafield>
  <datafield tag="889" ind1=" " ind2=" ">
   <subfield code="w">(DE-627)022292055</subfield>
  </datafield>
  <datafield tag="935" ind1=" " ind2=" ">
   <subfield code="i">mdedup</subfield>
  </datafield>
  <datafield tag="935" ind1=" " ind2=" ">
   <subfield code="h">HEB</subfield>
   <subfield code="i">0501</subfield>
  </datafield>
  <datafield tag="935" ind1=" " ind2=" ">
   <subfield code="h">HEB</subfield>
   <subfield code="i">0503</subfield>
  </datafield>
  <datafield tag="936" ind1="r" ind2="v">
   <subfield code="a">LI 70380</subfield>
   <subfield code="b">Ratgeb, Jörg</subfield>
   <subfield code="k">Kunstgeschichte</subfield>
   <subfield code="k">Künstler-Monografien</subfield>
   <subfield code="k">Alphabetische Künstlerliste</subfield>
   <subfield code="k">Künstler R</subfield>
   <subfield code="k">Ratgeb, Jörg</subfield>
   <subfield code="0">(DE-627)1270879901</subfield>
   <subfield code="0">(DE-625)rvk/96904:</subfield>
   <subfield code="0">(DE-576)200879901</subfield>
  </datafield>
  <datafield tag="936" ind1="b" ind2="k">
   <subfield code="a">20.31</subfield>
   <subfield code="j">Bildende Künstler</subfield>
   <subfield code="0">(DE-627)181571080</subfield>
  </datafield>
  <datafield tag="936" ind1="s" ind2="n">
   <subfield code="a">l300</subfield>
   <subfield code="2">mzub</subfield>
  </datafield>
  <datafield tag="951" ind1=" " ind2=" ">
   <subfield code="a">BO</subfield>
  </datafield>
  <datafield tag="990" ind1=" " ind2=" ">
   <subfield code="a">Ratgeb, Jörg</subfield>
  </datafield>
  <datafield tag="990" ind1=" " ind2=" ">
   <subfield code="a">Ratgeb, Jörg</subfield>
  </datafield>
  <datafield tag="991" ind1=" " ind2=" ">
   <subfield code="a">Rezensiertes Werk</subfield>
  </datafield>
  <datafield tag="999" ind1=" " ind2=" ">
   <subfield code="a">KXP-PPN1074596471</subfield>
   <subfield code="e">4251596730</subfield>
  </datafield>
 </record>
</collection>
